000 01000nam a22003015a 4500
005 20150818112239.0
006 a||||f ||z| 00| 0
008 100908s2001 enka|||fri 001 0 eng d
010 _a00033964
020 _a0582414768
020 _a9780582414761
040 _aEG-ScBUE
_beng
_cEG-ScBUE
082 0 4 _a620.106
_bDOU
_222
100 1 _aDouglas, John F.
_918745
245 1 0 _aFluid mechanics /
_cJohn F. Douglas, Janusz M. Gasiorek, John A. Swaffield.
250 _a4th ed.
260 _aHarlow :
_bPrentice Hall,
_cc.2001.
300 _axxix, 911 p. :
_bill. ;
_c25 cm.+
_e1 computer laser optical disc (4 3/4 in)
500 _aIndex : p. 901-911.
504 _aIncludes bibliographical references.
590 _ayassmeen ashraf
650 0 _aFluid mechanics.
_918746
_2BUEsh
651 _2BUEsh
653 _bENGMEC
_cAugust2015
700 1 _aGasiorek, J. M.
_q(Janusz Maria),
_d1927-
_918747
700 1 _aSwaffield, J. A.,
_d1943-
_918748
942 _cBB
_k620.106 DOU
_2ddc
999 _c795
_d795